000 00776nam a2200253Ia 4500
999 _c54409
_d54409
001 21465
003 GE_BSU
005 20211116150116.0
008 181216s ||||enk|||||||||||||| ||eng||
020 _a9781138257030
040 _cGE_BSU
041 _aeng
080 _a327 W-37
100 _aWEAVER, CAROL
_910788
245 4 _aThe Politics of the Black Sea Region :
_bEU Neighbourhood, Conflict Zone or Future Security Community? /
_cCAROL WEAVER.
264 _aLondon :
_bRoutledge,
_c2013.
300 _a161p. ;
_c24 cm.
541 _h105 Gel.
653 _aThe Politics of the Black Sea Region
653 _aEU Neighbourhood, Conflict Zone or Future Security Community?
653 _aПолитика
653 _aპოლიტიკა
942 _cBK
_2udc